Blitz: Name a TV Family Member Quiz Stats

 Plays Quiz Updated Nov 3, 2016

Also try: Blitz: Name A...
Challenge
Share
Tweet
Embed
Score 0/32 Timer 03:00
2 Plays Today
Surname Family Member % Correct
SimpsonHomer...
99.7%
FlintstoneFred...
96.6%
GriffinPeter...
87.4%
BradyCindy...
85.7%
JetsonElroy...
80.2%
SopranoAnthony...
76.7%
BundyAl...
71.8%
TaylorTim...
71%
HuxtableHeathcliff...
71%
BauerJack...
67.9%
TannerDanny...
67.6%
ClampettJed...
65.3%
CunninghamHoward...
62.6%
PicklesTommy...
62.3%
BunkerArchie...
61.7%
IngallsCharles...
60.2%
Surname Family Member % Correct
MunsterHerman...
54%
DraperDon...
48.9%
KeatonSteven...
46.2%
SeaverJason...
44.6%
DunphyPhil...
44.4%
BluthLucille...
41.8%
ArnoldKevin...
37.3%
CartwrightBen...
30.4%
StarkEddard...
28.8%
StevensLouis...
28.1%
PetrelliPeter...
27.1%
SolomonDr. Dick...
20%
BotwinNancy...
18.9%
GraysonVictoria...
9.8%
HenricksonBill...
9.8%
WalkerJustin...
9.3%

You're not logged in!

Compare scores with friends on all Sporcle quizzes.
Join for Free
OR
Log In

You Might Also Like...

Show Comments

Extras

Top Quizzes Today


Score Distribution

Your Account Isn't Verified!

In order to create a playlist on Sporcle, you need to verify the email address you used during registration. Go to your Sporcle Settings to finish the process.

Report this User

Report this user for behavior that violates our Community Guidelines.

Details: